logo

Bir Sreshtho Munshi Abdur Rouf Library
Jhenaidah Cadet College

Secondary Stage English : (Record no. 4233)

MARC details
000 -LEADER
fixed length control field 00762nam a2200241 a 4500
001 - CONTROL NUMBER
JCCL Control Number 4233
003 - CONTROL NUMBER IDENTIFIER
JCCL marc code BD-JhCC
005 - DATE AND TIME OF LATEST TRANSACTION
control field 20171125163446.0
008 - FIXED-LENGTH DATA ELEMENTS--GENERAL INFORMATION
fixed length control field 171125s1965 bg a|||| |||| 00| 0 eng d
035 ## - SYSTEM CONTROL NUMBER
system control number (BD-JhCC)4233
040 ## - CATALOGING SOURCE
Original cataloging agency BD-JhCC
Modifying agency BD-JhCC
041 ## - LANGUAGE CODE
Language code of Book eng
082 ## - DEWEY DECIMAL CLASSIFICATION NUMBER
Classification number 428.00712
Author mark and Year SEC 1965
245 ## - TITLE STATEMENT
Title Secondary Stage English :
Remainder of title Book One /
Statement of responsibility, etc East Pakistan School Text Book Board.
250 ## - EDITION STATEMENT
Edition statement 10 th Edi.
260 ## - PUBLICATION, DISTRIBUTION, ETC. (IMPRINT)
Place of publication, distribution, etc Dacca :
Name of publisher, distributor, etc East Pakistan School Text Book Board,
Date of publication, distribution, etc 1965.
300 ## - PHYSICAL DESCRIPTION
Pagination vi, 169 p. :
Other physical details illus.,
Dimensions 18 cm.
500 ## - GENERAL NOTE
General note Prescribed by East Pakistan School Text Book Board as text book for the session 1966.
650 ## - SUBJECT ADDED ENTRY--TOPICAL TERM
Topical term or geographic name as entry element English Language
710 ## - ADDED ENTRY--CORPORATE NAME
Corporate name or jurisdiction name as entry element East Pakistan School Text Book Board
942 ## - ADDED ENTRY ELEMENTS (KOHA)
Source of classification or shelving scheme Dewey Decimal Classification
Koha item type Books
Holdings
Source of classification or shelving scheme Damaged status Not for loan Home library Current library Shelving location Date of accession Total Checkouts Full call number Barcode Date last seen Copy number Koha item type
Dewey Decimal Classification     JCC Rouf Library JCC Rouf Library General Stacks 11/25/2017   428.00712 SEC 1965 5717 11/25/2017 C- 1 Books
Dewey Decimal Classification     JCC Rouf Library JCC Rouf Library General Stacks 12/31/2017   428.00712 SEC 1965 8114 12/31/2017 C-2 Books

JCC Library | Contacts | JCC Home

Last Update on 23 September 2017
Copyright @ 2017-2020 JCC Rouf Library
Rouf Library, Jhenidah Cadet College (JCC), Bangladesh